[Event "BGN World Chess Championship"]
[Site "London"]
[Date "2000.10.24"]
[Round "10"]
[White "Kramnik, Vladimir"]
[Black "Kasparov, Garry"]
[Result "1-0"]
[WhiteElo "2770"]
[BlackElo "2849"]
[Annotator "Knaak"]
[PlyCount "49"]
[EventDate "2000.10.08"]
[EventType "match"]
[EventRounds "2"]
[EventCountry "ENG"]
[Source "ChessBase"]
[SourceDate "2000.11.21"]

1. d4 Nf6 2. c4 e6 3. Nc3 Bb4 4. e3 O-O 5. Bd3 d5 6. Nf3 c5 7. O-O cxd4 8. exd4
dxc4 9. Bxc4 b6 {Dieses System nennen Insider auch Karpov-Variante. In der Tat
hat der Exweltmeister dieses System in den 70-er Jahren populär gemacht. Für
Karpov war es die Hauptwaffe gegen Nimzoindisch mit 4.e3.} 10. Bg5 Bb7 11. Re1
Nbd7 12. Rc1 Rc8 13. Qb3 {Diesen aggressiven Aufbau habe ich früher selbst
gespielt; Schwarz spielt nun am sichersten 13...Bxc3.   Kasparov kannte die
ganze Variante offensichtlich nicht, denn nach längerem Nachdenken griff er
fehl.} Be7 $2 (13... Bxc3 $1 14. Rxc3 h6 15. Bh4 {
Ob Weiß hier Vorteil hat, ist sehr fragwürdig.} Bd5 (15... Qe8 $5) 16. Ne5) (
13... Ba5 $6 {Das gab ich in ECO Band E 2. Auflage als zum Ausgleich führend
an; wohl ein Irrtum.} 14. Ne5 Qc7 (14... Nxe5 15. dxe5 Qd4 16. Bxe6 Ng4 17. Be3
Nxe3 18. Bxc8 Ng4 19. Bxb7 Qxf2+ 20. Kh1 Qh4 21. h3 $16 {
1-0 Knaak,R-Espig,L/Fuerstenwalde 1981/MCD (57)}) 15. Bxe6 fxe6 16. Qxe6+ Kh8
17. Nf7+ Rxf7 18. Qxf7 Rf8 19. Qe7 Ng4 (19... Qb8 20. Bh4 Bxc3 21. bxc3 $14 {
1-0 Knaak,R-Spassov,L/Sochi 1980/MCD (64)}) 20. f4 Qc6 21. d5 $1 {(Fritz)} (21.
Re2 Bxc3 22. Rxc3 Qd5 23. Rd2 Rf7 $11 {(ECO)}) 21... Qc5+ 22. Qxc5 Nxc5 23. Be7
$1 Rc8 24. Bxc5 bxc5 25. Re7 $16) 14. Bxf6 $1 $16 Nxf6 {# Hier würde} (14...
Bxf6 {die folgenden Verwicklungen vermeiden, doch positionell ist der Zug
völlig ungenügend;} 15. Nb5 Ra8 16. Nd6 Bxf3 17. Qxf3 Bxd4 18. Nxf7 Qf6 19.
Bxe6 Qxf3 20. Ng5+ {mit großem weißen Vorteil.}) 15. Bxe6 $1 {
Ein typisches Motiv, und sogar schon gespielt worden.} fxe6 16. Qxe6+ Kh8 17.
Qxe7 Bxf3 18. gxf3 Qxd4 {Scheinbar ist es nicht so schlimm für Schwarz, doch
Weiß kann sofort die Schwäche der gegnerischen Grundreihe ausnutzen.} 19. Nb5
$1 Qxb2 (19... Qf4 20. Rxc8 Rxc8 21. Nd6 Qxf3 $6 22. Nxc8 Qg4+ 23. Kf1 Qh3+ 24.
Ke2 Qxc8 25. Kd2 $18 {1-0 Hazai,L-Danielsen,H/Valby 1994/EXT 98 (32)}) 20. Rxc8
Rxc8 21. Nd6 Rb8 $6 $18 {Das falsche Turmfeld.} ({Nach} 21... Ra8 22. Nf7+ Kg8
{kann von weißer Gewinnstellung noch keine Rede sein.} 23. Qe6 (23. Nd8 h6 24.
Ne6 Nh5 (24... Ne8 $6 25. Re4 $1) (24... Nh7 $5 25. Qb7 Re8 26. Qd7 Rb8 27.
Qxa7 Re8 28. Qd7 Rb8 29. f4 Qf6) 25. Qb7 Re8 26. Qd7 Rb8 27. Qxa7 Re8 28. Qd7
Rb8) 23... h6 $1 24. Nxh6+ Kh7 {Nun kann Weiß mit Springerzügen einen kleinen
Vorteil behaupten, aber es geht nicht} 25. Qh3 $6 {weil nach} gxh6 26. Re7+ Kg6
27. Qg3+ Kf5 {kein Turm auf b8 hängt; Weiß hat nur Dauerschach.}) 22. Nf7+ Kg8
23. Qe6 Rf8 $6 {Das verliert sofort.} ({Nach} 23... h5 {
kann Weiß jedoch ebenfalls gewinnen:} 24. Ng5+ Kh8 25. Qf5 $1 {und das Eindring
en des weißen Turmes über e7 oder auch e6 bringt die Entscheidung.} Qxa2 (25...
Kg8 26. Re7) (25... h4 26. h3 Qxa2 27. Re7 Qa3 28. Rf7 Kg8) 26. Qg6 Qa3 27. Re6
Kg8 28. h4) 24. Nd8+ Kh8 25. Qe7 1-0